00873nam a2200193 a 450000100100000000500170001000800410002702000150006804000250008310000320010824501980014026000720033830000210041049000440043150400320047550400730050771000550058083000440063500004175820201002035734.0131007s2005 sp 000 0 spa d a8400083385 aDO-SdBNPbspacBNPHU1 aIrurozqui Victoriano, Marta10aLa mirada esquiva :breflexiones históricas sobre la interacción del estado y la ciudadanía en los Andes: (Bolivia, Ecuador y Perú), siglo XIX /cEditado por Marta Irurozqui Victoriano. aMadrid :bConsejo Superior de Investigaciones Científicas,c2005. a385 p. ;c25 cm.1 aBiblioteca de historia de Américav35 aBibliografía : p. 247-385 aIncluye referencias bibliográficas y notas al pie de las páginas2 aConsejo Superior de Investigaciones Científicas, 0aBiblioteca de historia de Américav35